000 00794nam a22002777a 4500
005 20170124105923.0
010 _aA-496475
020 _c00
035 _aA-496475
037 _bCen Lib/Ret
040 _aDPL
_bEN
082 _a340
100 _aRustomji, M.K.
_95448
245 _aLaw and tax :
_cby M.K. Rustomji, Khurshed R. Javeri; illastrated by V.B. Halbe
_bfor the layman /
246 _b
260 _bIndia Book House
_c1984
_aBombay
270 _bBombay
_a249. dr. d. n. road
_e400001
300 _a129p.
_c20cm(Hb)
650 _aLaw
_9104
650 _aIncome tax
_95449
650 _aकानून
_9102
650 _aआयकर
_95450
700 _aJaveri, Khorshed R.
_95446
700 _aHalbe, V.B.
_95447
942 _2ddc
_cEN
_h340
_mRUS
999 _c123331
_d123331